000 00599nam a2200205 a 4500
001 BRCA_6782
005 20190321142925.0
008 281011s1846----sp-#######---#000-0#spa-#
041 _aspa
044 _asp
050 4 _b.G85 1846
100 1 _aGuillén y Suárez, Antonio
_916916
245 1 0 _aEl verdadero cambista teórico y práctico
_ccoompilado y metodizado muy detenidamente por D. Antonio Guillén y Súarez.
260 _aBarcelona
_bimprenta de Pons y c.
_c1846
300 _a153 p.
_c30 cm.
500 _aL105
650 1 4 _aCambio exterior
_916917
902 _aGFM
942 _2lcc
_cB
999 _c6465
_d6465